Latex flow studies. I. Electron microscopy of Hevea brasiliensis in the region of the tapping cut (Record no. 62018)

MARC details
000 -LEADER
fixed length control field 00493nam a2200157Ia 4500
100 ## - MAIN ENTRY--AUTHOR NAME
Personal name Southorn W A
245 #0 - TITLE STATEMENT
Title Latex flow studies. I. Electron microscopy of Hevea brasiliensis in the region of the tapping cut
260 ## - PUBLICATION, DISTRIBUTION, ETC. (IMPRINT)
Name of publisher Journal of the Rubber Research Institute of Malaya
Year of publication 1968
300 ## - PHYSICAL DESCRIPTION
Number of Pages 176-186
650 ## - SUBJECT ADDED ENTRY--TOPICAL TERM
Topical Term Electron microscopy
650 ## - SUBJECT ADDED ENTRY--TOPICAL TERM
Topical Term Hevea brasiliensis
650 ## - SUBJECT ADDED ENTRY--TOPICAL TERM
Topical Term Latex flow
650 ## - SUBJECT ADDED ENTRY--TOPICAL TERM
Topical Term Tapping cut
942 ## - ADDED ENTRY ELEMENTS (KOHA)
Koha item type Journals
Holdings
Withdrawn status Lost status Damaged status Not for loan Home library Current library Shelving location Date acquired Serial Enumeration / chronology Koha item type
      Journals RRII Library RRII Library Physiology 17/12/2021 Volume 20, Issue 4 Journals